La Residencia universitaria de estudiantes Ramón Llull /
Descripción Física:
Il·lustracions
Colección:
San Jorge,
; núm. 12 (octubre 1953), pàg 110-113
Idioma:
Español
MARC
| LEADER | 00000naa a2200000 a 4500 | ||
|---|---|---|---|
| 003 | Arxiu | ||
| 005 | 20260324181035.0 | ||
| 008 | 160829s1953 spcaxx s spa c | ||
| 040 | |a agdb | ||
| 100 | 1 | |a Hernández, Tomás, |d 1919-2013 |9 20277 | |
| 245 | 1 | 3 | |a La Residencia universitaria de estudiantes Ramón Llull / |c por T. H. |
| 300 | |b Il·lustracions | ||
| 490 | |a San Jorge, |v núm. 12 (octubre 1953), pàg 110-113 | ||
| 500 | |a Conté breu biografia del directors: N. Ancochea Hombravella, Felipe Mateu Llops, Alberto del Castillo Yurrita, Martin Almagro Basch, Isidro Rius Sintes, Antonio Almirall Carbonell, Antonio Cumella Pau | ||
| 590 | |a Conté fotografies dels professors | ||
| 610 | 1 | 0 | |a Residència Universitària Ramon Llull (Barcelona, Catalunya) |9 54739 |
| 773 | |g Núm. 12 (octubre 1953), pàg 110 - 113 |t San Jorge. | ||
| 901 | |a Arxiu | ||
| 942 | |n 1 |2 udc |c ART | ||
| 952 | |0 0 |1 0 |4 0 |6 REV508 |7 1 |9 64496 |a Arxiu |b Arxiu |d 2022-11-30 |o Rev-508 |r 2022-11-30 00:00:00 |w 2022-11-30 |y ARXIU |z També disponible a Rev-522 | ||
| 999 | |c 48189 |d 48189 | ||